Trắc địa đại cương

Enregistré dans:
Détails bibliographiques
Auteur principal: TRẦN VĂN QUẢNG
Format: Livre
Langue:Undetermined
Publié: Hà Nội Xây Dựng 2001
Sujets:
Tags: Ajouter un tag
Pas de tags, Soyez le premier à ajouter un tag!
Thư viện lưu trữ: Trung tâm Học liệu Trường Đại học Cần Thơ
LEADER 00570nam a2200193Ia 4500
001 CTU_45312
008 210402s9999 xx 000 0 und d
082 |a 526.1 
082 |b Qu106 
100 |a TRẦN VĂN QUẢNG 
245 0 |a Trắc địa đại cương 
245 0 |c TRẦN VĂN QUẢNG 
260 |a Hà Nội 
260 |b Xây Dựng 
260 |c 2001 
526 |a Trắc địa đại cương,Trắc địa đại cương 
526 |b SP273,MT155 
650 |a geodesy 
980 |a Trung tâm Học liệu Trường Đại học Cần Thơ